Algunas reformas en la isla de Cuba. (Record no. 98512)

MARC details
000 -LEADER
campo de control de longitud fija 00546nam a2200205 i 4500
001 - NÚMERO DE CONTROL
campo de control 98512
003 - IDENTIFICADOR DE NÚMERO DE CONTROL
campo de control ES-MaACL
005 - FECHA Y HORA DE LA ÚLTIMA TRANSACCIÓN
campo de control 20240510213629.0
007 - CAMPO FIJO DE DESCRIPCIÓN FÍSICA--INFORMACIÓN GENERAL
campo de control de longitud fija t|
008 - DATOS DE LONGITUD FIJA--INFORMACIÓN GENERAL
campo de control de longitud fija 050927s1865 xxk ||||1| spa d
080 ## - NÚMERO DE LA CLASIFICACIÓN DECIMAL UNIVERSAL
Número de la Clasificación Decimal Universal 336.1(729.1)
080 ## - NÚMERO DE LA CLASIFICACIÓN DECIMAL UNIVERSAL
Número de la Clasificación Decimal Universal 339.5(729.1)
245 00 - MENCIÓN DEL TÍTULO
Título Algunas reformas en la isla de Cuba.
260 ## - PUBLICACIÓN, DISTRIBUCIÓN, ETC.
Lugar de publicación, distribución, etc. Londres :
Nombre del editor, distribuidor, etc. [s.n.],
Fecha de publicación, distribución, etc. 1865.
300 ## - DESCRIPCIÓN FÍSICA
Extensión 46 p. ;
Dimensiones 23 cm.
650 #7 - PUNTO DE ACCESO ADICIONAL DE MATERIA--TÉRMINO DE MATERIA
Término de materia o nombre geográfico como elemento de entrada Hacienda pública-
Subdivisión geográfica Cuba
Fuente del encabezamiento o término
9 (RLIN) 170356
651 #4 - PUNTO DE ACCESO ADICIONAL DE MATERIA--NOMBRE GEOGRÁFICO
Nombre geográfico Cuba-
Subdivisión general Comercio exterior.
9 (RLIN) 170357
852 4# - LOCALIZACIÓN
Ubicación ES-MaACL
Número de control de estantería T-78-F-1
Holdings
Estatus retirado Estado de pérdida Estado de daño No para préstamo Colección Biblioteca de origen Biblioteca actual Ubicación en estantería Fecha de adquisición Fuente de adquisición Total de préstamos Signatura topográfica completa Código de barras Visto por última vez Precio de reemplazo Tipo de ítem Koha
        Colección de folletos Biblioteca del Ateneo de Madrid Biblioteca del Ateneo de Madrid Depósito folletos 17/01/2008     T-78-F-1 1102847 23/02/2023 23/02/2023 Folleto